02677nam a2200241Ia 45000010005000000080041000050100009000460410014000550820030000692450220000992600018003193000007003375200006003446300013003506300028003636300016003916500020004077000035004277000044004627000037005067000028005435201864005711344241029s9999 xx 000 0 und d a1249 aEspañol aST, MA-ES, 0021, FH, 2003 0aFormación académica del docente y su impacto en la enseñanza de la Lengua Española, en el Octavo Grado, del Nivel Básico, Distrito Educativo 10-02 de Santo Domingo Norte, durante el Año Lectivo 2005-2006 aSanto Domingo a74 a1 aDocentes aEnseñanza-Aprendizaje aFormación aCalidad Docente easesoraDe Los Santos , Julio  eautoraNavarro Montilla, Dolores Grecia eautoraReynaldo Pérez, Rosario eautoraRafael, Martín aLa investigación se planteó como objetivo principal determinar el impacto de la formación académica del docente en la enseñanza de la Lengua Española, en el Octavo Grado, del Nivel Básico, Distrito Educativo 10-02 de Santo Domingo Norte, durante el Año Lectivo 2005-2006.La metodología empleada fue de tipo descriptiva, analítica, inductiva y deductiva, situacional-diagnóstica, cualitativa y transversal, en tanto que las técnicas utilizadas fueron encuestas, la observación, el análisis documental, entre otras. El universo a analizar fue el Distrito Educativo 10-02, con 37,188 estudiantes y 645 docentes, la población muestral, el Octavo Grado del Nivel Básico, con 28 maestros y 865 estudiantes.El estudio concluye que los estudiantes de los docentes con nivel de Licenciatura, presentaron mayor rendimiento académico que los de los docentes que no lo poseen. En cuanto al conocimiento y aplicación por parte de los docentes del Currículo del Ministerio de Educación, se observó que tanto los docentes Licenciados como los no Licenciados, presentan debilidades; pero, en los docentes no Licenciados, las debilidades son mayores ya que existen debilidades entre lo que planifica el docente y lo que ejecuta en el aula.Dentro de las recomendaciones planteadas por el estudio se encuentran: al Ministerio de Educación, a través de las Regionales de Educación, los Distritos Educativos y los directores de los centros, planificar y ejecutar programas de capacitación permanente y continua para los docentes Licenciados o no. A los/as directores/as, apropiarse del nuevo modelo de gestión para la calidad de los centros educativos propuesto por el Ministerio, creando en su centro el equipo directivo, de gestión, etc., para que las aulas sean el espacio por excelencia de los aprendizajes significativos.